Statistics for Every The Carpenters song that hit the Billboard hot 100

Click here to take the quiz!

General Stats

  • This quiz has been taken 86 times
  • The average score is 12 of 27

Answer Stats

Peak Chart PositionYearSong% Correct
11970(They Long To Be) Close To You
92%
11973Top Of The World
91%
21971Superstar/Bless The Beasts And Children
77%
21971Rainy Days And Mondays
76%
21970We've Only Just Begun
73%
21973Yesterday Once More
70%
541970Ticket To Ride
67%
11975Please Mr. Postman
65%
31971For All We Know
59%
41975Only Yesterday
56%
31973Sing
56%
71972Goodbye To Love
55%
321977Calling Occupants Of Interplanetary Craft
45%
21972Hurting Each Other
45%
171975Solitaire
44%
161981Touch Me When We're Dancing
44%
111974I Won't Last A Day Without You
35%
121976There's A Kind Of Hush (All Over The World)
33%
441978Sweet, Sweet Smile
30%
251976I Need To Be In Love
27%
121972It's Going To Take Some Time
21%
351977All You Get From Love Is A Love Song
20%
561976Goofus
20%
631982Those Good Old Dreams
15%
681978I Believe You
12%
741982Beechwood 4-5789
9%
721981(Want You) Back In My Life Again
8%

Score Distribution

Percentile by Number Answered

Percent of People with Each Score

Your Score History

You have not taken this quiz